De la vida política (Record no. 135869)

MARC details
000 -LEADER
campo de control de longitud fija 00563nam a2200169 4500
001 - NÚMERO DE CONTROL
campo de control 135869
003 - IDENTIFICADOR DE NÚMERO DE CONTROL
campo de control ES-MaACL
005 - FECHA Y HORA DE LA ÚLTIMA TRANSACCIÓN
campo de control 20250930063122.0
007 - CAMPO FIJO DE DESCRIPCIÓN FÍSICA--INFORMACIÓN GENERAL
campo de control de longitud fija t|
008 - DATOS DE LONGITUD FIJA--INFORMACIÓN GENERAL
campo de control de longitud fija 070214s1926 sp r ||||1| spa d
100 1# - ENTRADA PRINCIPAL--NOMBRE DE PERSONA
Nombre de persona Ruiz del Castillo y Catalán de Ocón, Carlos,
Fechas asociadas al nombre 1896-1984
9 (RLIN) 100778
245 10 - MENCIÓN DEL TÍTULO
Título De la vida política
Resto del título : opiniones de un espectador /
Mención de responsabilidad, etc. por Carlos Ruiz del Castillo.
260 ## - PUBLICACIÓN, DISTRIBUCIÓN, ETC.
Lugar de publicación, distribución, etc. Santiago :
Nombre del editor, distribuidor, etc. [s. n.],
Fecha de publicación, distribución, etc. 1926 (
Fabricante Tip. del `Diario de Galicia`)
300 ## - DESCRIPCIÓN FÍSICA
Extensión 34 p. ;
Dimensiones 29 x 20 cm.
852 ## - LOCALIZACIÓN
Número de control de estantería BA 1707-F-10
Holdings
Estatus retirado Estado de pérdida Estado de daño No para préstamo Colección Biblioteca de origen Biblioteca actual Ubicación en estantería Fecha de adquisición Fuente de adquisición Total de préstamos Signatura topográfica completa Código de barras Visto por última vez Precio de reemplazo Tipo de ítem Koha
        Colección de folletos Biblioteca del Ateneo de Madrid Biblioteca del Ateneo de Madrid Depósito folletos 17/01/2008     1707-F-10 1141411 23/02/2023 23/02/2023 Folleto